[Event "Frankfurt Ch 2010"]
[Site "Ffm-Kalbach, LAZ"]
[Date "2010.05.17"]
[Round "4.53"]
[White "Rolf, Marco"]
[Black "Bender, Manfred"]
[Result "1-0"]
[WhiteElo "1479"]
[BlackElo "1821"]
[PlyCount "40"]
[EventDate "2010.??.??"]
[SourceDate "2009.03.13"]
[WhiteTeam "SK Bad Homburg 1927"]
[BlackTeam "Sfr. Taunus"]

1. e4 c5 2. Nf3 Nc6 3. d4 cxd4 4. Nxd4 d6 5. Nc3 Nf6 6. Be2 g6 7. O-O Bg7 8.
Be3 O-O 9. f4 Nxd4 10. Bxd4 a6 11. a4 Bd7 12. f5 e5 13. Be3 Bc6 14. fxg6 fxg6
15. Bc4+ Kh8 16. Qd3 Ng4 17. Rxf8+ Bxf8 18. h3 Nxe3 19. Qxe3 Qh4 20. Qf2 Bh6
1-0

[Event "Frankfurt Ch 2010"]
[Site "Ffm-Kalbach, LAZ"]
[Date "2010.05.17"]
[Round "4.54"]
[White "Rauscher, Joachim"]
[Black "Willenbring, Jens-Dirk"]
[Result "1/2-1/2"]
[WhiteElo "1651"]
[BlackElo "1397"]
[PlyCount "80"]
[EventDate "2010.??.??"]
[SourceDate "2009.03.13"]
[WhiteTeam "SC Brett vor'm Kopp Ffm"]
[BlackTeam "Bad Vilbeler Sfr.1985"]

1. e4 e6 2. d4 d5 3. exd5 exd5 4. Nf3 Nf6 5. Bg5 Be7 6. Nc3 O-O 7. Be2 Bf5 8.
h4 h6 9. Be3 Nc6 10. Qd2 Nb4 11. Bd1 Ne4 12. Nxe4 Bxe4 13. a3 Nc6 14. Be2 Qd7
15. O-O-O a6 16. g4 f6 17. Rh3 b5 18. Rdh1 Bd6 19. Bf4 Rae8 20. Bxd6 Qxd6 21.
R1h2 Qe6 22. Ng1 Qd6 23. g5 Bf5 24. Rg3 fxg5 25. hxg5 Re6 26. gxh6 g6 27. h7+
Kh8 28. Rhg2 Rfe8 29. Re3 Qf4 30. Rxe6 Qxd2+ 31. Kxd2 Rxe6 32. c3 Kxh7 33. a4
Na7 34. Rh2+ Kg7 35. axb5 axb5 36. Nf3 Bg4 37. Ne5 Bxe2 38. Kxe2 Nc6 39. f4 b4
40. Kd3 Nxe5+ 1/2-1/2

[Event "Frankfurt Ch 2010"]
[Site "Ffm-Kalbach, LAZ"]
[Date "2010.05.17"]
[Round "4.55"]
[White "Waschke, Thomas"]
[Black "Lopez-Fuertes, Victor"]
[Result "1-0"]
[WhiteElo "1641"]
[BlackElo "1334"]
[PlyCount "55"]
[EventDate "2010.??.??"]
[SourceDate "2009.03.13"]
[WhiteTeam "SC Bergen-Enkheim 1922"]
[BlackTeam "SC 1910 Höchst"]

1. e4 d5 2. exd5 Qxd5 3. Nc3 Qa5 4. d4 Nf6 5. Bd2 c6 6. Nf3 e6 7. Bd3 Be7 8.
O-O O-O 9. Re1 Qc7 10. Ne2 Nbd7 11. c4 e5 12. dxe5 Nxe5 13. Nxe5 Qxe5 14. Bc3
Qc7 15. Qc2 g6 16. Ng3 Be6 17. b4 b5 18. c5 Nd5 19. Be5 Qd7 20. a3 a5 21. Qd2
axb4 22. axb4 Nxb4 23. Qh6 f6 24. Bxg6 Bxc5 25. Rxa8 Rxa8 26. Bxf6 Bf8 27. Qg5
Bf7 28. Bf5+ 1-0

[Event "Frankfurt Ch 2010"]
[Site "Ffm-Kalbach, LAZ"]
[Date "2010.05.17"]
[Round "4.56"]
[White "Heun, Andreas"]
[Black "Mager, Denis"]
[Result "0-1"]
[WhiteElo "1464"]
[BlackElo "1538"]
[PlyCount "72"]
[EventDate "2010.??.??"]
[SourceDate "2009.03.13"]
[WhiteTeam "SC Ladja Roßdorf"]
[BlackTeam "TuS Makkabi Ffm"]

1. e4 e6 2. f4 c5 3. Nf3 d5 4. e5 Nc6 5. Bb5 a6 6. Bxc6+ bxc6 7. d4 Qb6 8. c3
cxd4 9. cxd4 c5 10. Nc3 Bd7 11. O-O Nh6 12. b3 Nf5 13. Ne2 cxd4 14. Kh1 Bc5 15.
a4 O-O 16. g4 Ne3 17. Bxe3 dxe3 18. h4 Bc6 19. Kh2 Rab8 20. Rb1 d4 21. Qd3 Qb7
22. Ng5 g6 23. Ng3 Bd5 24. Nh5 Be7 25. f5 Bxg5 26. Nf6+ Bxf6 27. exf6 Be4 28.
Qxd4 Qc7+ 29. Kh3 Bxb1 30. fxe6 fxe6 31. Rxb1 Qb6 32. Qe5 Rbd8 33. h5 Rd5 34.
Qb2 Qd4 35. Qc2 Qd3 36. Qc7 Rd7 0-1

[Event "Frankfurt Ch 2010"]
[Site "Ffm-Kalbach, LAZ"]
[Date "2010.05.17"]
[Round "4.57"]
[White "Stulken, Dietmar"]
[Black "Abrahamyan, Arsen"]
[Result "0-1"]
[WhiteElo "1373"]
[BlackElo "1664"]
[PlyCount "90"]
[EventDate "2010.??.??"]
[SourceDate "2009.03.13"]
[WhiteTeam "SC Brett vor'm Kopp Ffm"]
[BlackTeam "Frankfurter TV 1860"]

1. e4 c5 2. c3 Nf6 3. e5 Nd5 4. d4 cxd4 5. Nf3 Nc6 6. cxd4 e6 7. Bc4 Nb6 8. Bb3
Be7 9. O-O O-O 10. Nc3 d6 11. Qe2 dxe5 12. dxe5 Bd7 13. Rd1 Rc8 14. Ne4 Qc7 15.
Bf4 Rfd8 16. Neg5 h6 17. Ne4 Nb4 18. Rac1 Bc6 19. Nd4 N6d5 20. Bg3 Qb6 21. a3
Na6 22. Ba2 Nc5 23. Bb1 Nxe4 24. Qxe4 Nf6 25. Qe3 Nh5 26. Qd3 g6 27. Qc3 Bg5
28. Rc2 Nxg3 29. hxg3 Be4 30. Qxc8 Bxc2 31. Qxc2 Rxd4 32. Qc8+ Kg7 33. Qc2
Rxd1+ 34. Qxd1 Qxb2 35. f4 Be7 36. a4 Bc5+ 37. Kh1 Qa3 38. Kh2 Qb4 39. Bc2 Qc3
40. Bb3 Bf2 41. Bxe6 Qxg3+ 42. Kh1 Qh4+ 43. Bh3 Qxf4 44. Qa1 Bd4 45. Qd1 Bxe5
0-1

[Event "Frankfurt Ch 2010"]
[Site "Ffm-Kalbach, LAZ"]
[Date "2010.05.17"]
[Round "4.59"]
[White "Schwabe, Michael"]
[Black "Miller, Justin"]
[Result "1/2-1/2"]
[WhiteElo "1896"]
[BlackElo "1311"]
[PlyCount "82"]
[EventDate "2010.??.??"]
[SourceDate "2009.03.13"]
[WhiteTeam "Chess Tigers SFV"]
[BlackTeam "Sfr.1932 Kelkheim"]

1. Nf3 Nf6 2. c4 g6 3. d4 Bg7 4. Nc3 O-O 5. e4 d6 6. Be2 e5 7. d5 Nbd7 8. O-O
Nc5 9. Qc2 Nh5 10. b4 Na6 11. Rb1 f5 12. Bd3 f4 13. Ba3 g5 14. Ne1 Qf6 15. c5
Rf7 16. cxd6 cxd6 17. b5 Nc5 18. Bxc5 dxc5 19. Bc4 Bf8 20. Qb3 Bd6 21. b6 g4
22. Nb5 Kh8 23. Nxd6 Qxd6 24. bxa7 Rf6 25. Qb5 Ng7 26. Nd3 b6 27. Qc6 Qxc6 28.
dxc6 Rxa7 29. Rxb6 Ne6 30. Rb8 Rc7 31. Ba6 Rf8 32. Nxe5 Nd4 33. Rxc8 Rcxc8 34.
Bxc8 Rxc8 35. Nxg4 Rxc6 36. f3 c4 37. Kf2 c3 38. Ne5 Ra6 39. Nd3 Rxa2+ 40. Kg1
Rd2 41. Nb4 Rb2 1/2-1/2

[Event "Frankfurt Ch 2010"]
[Site "Ffm-Kalbach, LAZ"]
[Date "2010.05.17"]
[Round "4.60"]
[White "Wöhl, Torsten"]
[Black "Dages, Rolf Hermann"]
[Result "1-0"]
[WhiteElo "1216"]
[BlackElo "1600"]
[PlyCount "59"]
[EventDate "2010.??.??"]
[SourceDate "2009.03.13"]
[WhiteTeam "SC Groß-Zimmern"]
[BlackTeam "SC Eschborn 1974"]

1. e4 d5 2. exd5 Nf6 3. Nc3 e6 4. dxe6 Bxe6 5. Nf3 Bc5 6. h3 O-O 7. Be2 Nc6 8.
a3 a6 9. d3 Qd7 10. Ne4 Nxe4 11. dxe4 Qe7 12. Qd3 Rad8 13. Qc3 Rfe8 14. Be3 Bb6
15. Bxb6 cxb6 16. Rd1 Bd5 17. e5 f6 18. O-O fxe5 19. Rxd5 Rc8 20. Bc4 Kh8 21.
Rd2 b5 22. Bd5 Nd4 23. Qb4 Qd7 24. Nxd4 Qxd5 25. Nf5 a5 26. Rxd5 axb4 27. Nd6
Rf8 28. Nxc8 Rxc8 29. axb4 h6 30. c3 1-0

[Event "Frankfurt Ch 2010"]
[Site "Ffm-Kalbach, LAZ"]
[Date "2010.05.17"]
[Round "4.61"]
[White "Wehhofer, Josef"]
[Black "Kümmel, Werner"]
[Result "1-0"]
[WhiteElo "1598"]
[BlackElo "1279"]
[PlyCount "51"]
[EventDate "2010.??.??"]
[SourceDate "2009.03.13"]
[WhiteTeam "SV Schachf.Darmstadt 1994"]
[BlackTeam "SC Bad Soden"]

1. d4 Nf6 2. c4 g6 3. Nf3 Bg7 4. Nc3 O-O 5. Bg5 d6 6. e3 e5 7. dxe5 dxe5 8.
Qxd8 Rxd8 9. Nxe5 Re8 10. Nf3 h6 11. Bh4 Bf5 12. Rd1 c6 13. Bd3 Ne4 14. Nxe4
Bxe4 15. Bxe4 Rxe4 16. Rd8+ Kh7 17. Bg3 Rxc4 18. O-O Bf6 19. Rxb8 Rxb8 20. Bxb8
Bxb2 21. Nd2 Rc2 22. Nb3 Bg7 23. Bxa7 Rxa2 24. Bd4 Bf8 25. g3 Ra3 26. Bc5 1-0

[Event "Frankfurt Ch 2010"]
[Site "Ffm-Kalbach, LAZ"]
[Date "2010.05.17"]
[Round "4.62"]
[White "Urbach, Jens"]
[Black "Steiz, Johann"]
[Result "1/2-1/2"]
[WhiteElo "927"]
[BlackElo "1593"]
[PlyCount "70"]
[EventDate "2010.??.??"]
[SourceDate "2009.03.13"]
[WhiteTeam "SC 1934 Gelnhausen"]
[BlackTeam "ESV Grossenbaum 1973"]

1. e4 c5 2. Nf3 d6 3. Be2 Nc6 4. c3 Nf6 5. d3 e6 6. O-O Be7 7. Be3 O-O 8. Nbd2
Qc7 9. d4 cxd4 10. Nxd4 d5 11. Nb5 Qb8 12. Bf3 dxe4 13. Nxe4 a6 14. Nd4 Ne5 15.
Be2 Nxe4 16. Bf4 Rd8 17. g3 Bd6 18. Qc2 Nf6 19. c4 Ng6 20. Bxd6 Qxd6 21. Rad1
Qc5 22. Nb3 Qe7 23. Rxd8+ Qxd8 24. Rd1 Qc7 25. Qd3 b6 26. Qd8+ Qxd8 27. Rxd8+
Nf8 28. Bf3 Rb8 29. Nd4 Rb7 30. Rxc8 Rd7 31. Nc6 g6 32. Ne5 Rd2 33. Rc7 N8d7
34. Nxd7 Rxd7 35. Rxd7 Nxd7 1/2-1/2

[Event "Frankfurt Ch 2010"]
[Site "Ffm-Kalbach, LAZ"]
[Date "2010.05.17"]
[Round "4.63"]
[White "Richter, Wolfram"]
[Black "Honert, Stefan"]
[Result "1-0"]
[WhiteElo "1560"]
[BlackElo "1271"]
[PlyCount "53"]
[EventDate "2010.??.??"]
[SourceDate "2009.03.13"]
[WhiteTeam "SK Bad Sooden-Allendorf"]
[BlackTeam "Sfr. Frankfurt 1921"]

1. Nf3 d5 2. g3 e6 3. Bg2 c5 4. O-O Nc6 5. d4 Nf6 6. c4 Be7 7. cxd5 exd5 8. a3
O-O 9. Bg5 Ne4 10. Bxe7 Qxe7 11. Nc3 Nxc3 12. bxc3 Be6 13. Ra2 c4 14. Re1 Rfd8
15. e4 dxe4 16. Rxe4 Qd6 17. Ng5 Bd5 18. Rf4 Qg6 19. Ne4 Ne7 20. Re2 Re8 21.
Qe1 Kf8 22. Bf3 Qh6 23. Rh4 Qc6 24. Rxh7 Ng6 25. Rh5 Re7 26. Rf5 Nh4 27. gxh4
1-0

[Event "Frankfurt Ch 2010"]
[Site "Ffm-Kalbach, LAZ"]
[Date "2010.05.17"]
[Round "4.64"]
[White "Donchenko, Daria"]
[Black "Geipert, Wilfried"]
[Result "1/2-1/2"]
[WhiteElo "1706"]
[BlackElo "1699"]
[PlyCount "63"]
[EventDate "2010.??.??"]
[SourceDate "2009.03.13"]
[WhiteTeam "SK 1858 Gießen"]
[BlackTeam "SC Brett vor'm Kopp Ffm"]

1. Nf3 Nf6 2. c4 e6 3. Nc3 d5 4. d4 c6 5. Bg5 Nbd7 6. e3 Qa5 7. Bd3 Ne4 8. Qa4
Qxa4 9. Nxa4 Bb4+ 10. Ke2 Nxg5 11. Nxg5 h6 12. Nf3 dxc4 13. Bc2 b5 14. a3 Ba5
15. Nc3 O-O 16. Rhc1 Bxc3 17. bxc3 a5 18. Be4 Bb7 19. Nd2 Nb6 20. f4 f5 21. Bf3
Nd5 22. Rab1 a4 23. Nxc4 Ba6 24. Bxd5 exd5 25. Ne5 Rf6 26. Kf3 Ra7 27. Nd3 Bc8
28. Nc5 Re7 29. Nd3 Bd7 30. Ne5 Be8 31. h3 h5 32. h4 1/2-1/2

[Event "Frankfurt Ch 2010"]
[Site "Ffm-Kalbach, LAZ"]
[Date "2010.05.17"]
[Round "4.65"]
[White "Bittner, Peter"]
[Black "Jung, Richard"]
[Result "1-0"]
[WhiteElo "1967"]
[BlackElo "1248"]
[PlyCount "45"]
[EventDate "2010.??.??"]
[SourceDate "2009.03.13"]
[WhiteTeam "SC Brett vor'm Kopp Ffm"]
[BlackTeam "SC Bergen-Enkheim 1922"]

1. e4 e5 2. d4 exd4 3. c3 dxc3 4. Bc4 Nc6 5. Nf3 d6 6. Nxc3 Nf6 7. Qb3 Qe7 8.
O-O g6 9. Nd5 Nxd5 10. exd5 Ne5 11. Nxe5 dxe5 12. Bd2 b6 13. Rfe1 Bg7 14. Rac1
Bd7 15. Ba6 Qd8 16. Bb4 f6 17. Bb7 Rb8 18. Bc6 Bxc6 19. dxc6 Bf8 20. Rcd1 Bd6
21. Bxd6 cxd6 22. Qe6+ Qe7 23. c7 1-0

[Event "Frankfurt Ch 2010"]
[Site "Ffm-Kalbach, LAZ"]
[Date "2010.05.17"]
[Round "4.66"]
[White "Paulicks, Frank"]
[Black "Fischer, Lutz"]
[Result "0-1"]
[WhiteElo "1088"]
[BlackElo "1456"]
[PlyCount "108"]
[EventDate "2010.??.??"]
[SourceDate "2009.03.13"]
[WhiteTeam "Sfr.1891 Friedberg"]
[BlackTeam "Sfr. Frankfurt 1921"]

1. d4 e6 2. Bf4 Nf6 3. e3 c5 4. c3 Nc6 5. Nd2 d5 6. Ngf3 Qb6 7. Qb3 Nd7 8. Bd3
Qxb3 9. axb3 cxd4 10. exd4 a6 11. b4 h6 12. O-O Be7 13. Rfe1 O-O 14. Ra2 a5 15.
b5 Nd8 16. Ne5 Nb6 17. Rea1 Bd6 18. Ng6 Bxf4 19. Nxf4 Nd7 20. Rxa5 Rxa5 21.
Rxa5 b6 22. Ra1 Nb7 23. b4 Nd6 24. Nf3 Nf6 25. Nd2 Bd7 26. c4 Rc8 27. c5 bxc5
28. bxc5 Nxb5 29. Nf3 Nxd4 30. Nxd4 e5 31. Nxd5 Nxd5 32. Nf3 f6 33. Rc1 Nf4 34.
Ba6 Rc6 35. Bf1 Ne6 36. Bc4 Kf8 37. Bxe6 Bxe6 38. Nd2 Bd5 39. f3 Ke7 40. Kf2
Kd7 41. h4 Ra6 42. Nf1 Kc6 43. Ne3 Be6 44. g4 Ra2+ 45. Kg3 Ra3 46. h5 Rxe3 47.
Ra1 Bd5 48. Rf1 e4 49. Kf4 Rxf3+ 50. Rxf3 exf3 51. Ke3 Kxc5 52. Kf2 Kd4 53. Ke1
Ke3 54. Kf1 Bc4+ 0-1

[Event "Frankfurt Ch 2010"]
[Site "Ffm-Kalbach, LAZ"]
[Date "2010.05.17"]
[Round "4.67"]
[White "Frank, Dieter"]
[Black "Velkina, Elina"]
[Result "1-0"]
[WhiteElo "1453"]
[BlackElo "1219"]
[PlyCount "83"]
[EventDate "2010.??.??"]
[SourceDate "2009.03.13"]
[WhiteTeam "SK Eberstadt 1924"]
[BlackTeam "SK 1858 Gießen"]

1. d4 f5 2. h4 Nf6 3. Nc3 d5 4. Nf3 e6 5. Ne5 Nbd7 6. Nf3 c5 7. e3 cxd4 8. Nxd4
Qb6 9. Rb1 Bb4 10. Bd2 Ne4 11. Nxe4 fxe4 12. Bxb4 Qxb4+ 13. c3 Qe7 14. Qh5+ Qf7
15. Qxf7+ Kxf7 16. g3 Ne5 17. Be2 Rf8 18. f4 exf3 19. Nxf3 Nc4 20. Bxc4 dxc4
21. Ne5+ Ke7 22. Nxc4 b5 23. Nd2 Bb7 24. Rf1 Rad8 25. Rxf8 Rxf8 26. Ke2 Ba6 27.
Rf1 b4+ 28. c4 Rc8 29. b3 Bb7 30. Rf4 e5 31. Rf2 Ke6 32. e4 Rd8 33. Ke3 a5 34.
Nf3 h6 35. Rc2 Bc6 36. Rd2 Rxd2 37. Nxd2 Be8 38. Kd3 Kd6 39. Nf1 a4 40. Ne3
axb3 41. axb3 Bc6 42. Nf5+ 1-0